00359pab a2200133 454500008004000000100002300040245005000063260000900113300001300122362001100135650002900146650001600175773003400191180718b2008 xxu||||| |||| 00| 0 eng d aDas, Manoshi Mitra aAgrarian reform: lessons from the Philippines c2008 ap.32-34. a28 Jun aLand reform -Philippines aLand reform aEconomic and Political Weekly